000 00827nas a2200289 4500
001 BR9903214
003 BR-BrBNA
005 20231205101446.0
007 ta
008 230509b bl.|||p| |||| 00| 00por d
040 _aBR-BrBNA
_bpor
_cBiblioteca Nacional de Agricultura
041 _a(Pt)
072 _aP34
100 1 _aPereira, J.C.
100 1 _aNeves, M.C.P.
100 1 _aDrozdowicz, A.
245 1 _aDinamica das populacoes bacterianas em solos de cerrados
650 _aSoja
650 _aSolo
650 _aMicrobiologia do Solo
650 _aActinomiceto
650 _aCondicao Ambiental
650 _aCerrado
773 0 _tPesquisa Agropecuaria Brasileira (Brazil)
_xISSN 0100-204X
_g(May 1999), v. 34(5) p. 801-811
_wBR9903214
909 _a202311
_bLúcia
_c55
_dLúcia Elande
942 _2AGRIS
_n0
_cANA
999 _c161992
_d161992